<?xml version="1.0" encoding="UTF-8"?>
<record
    xmlns:xsi="http://www.w3.org/2001/XMLSchema-instance"
    xsi:schemaLocation="http://www.loc.gov/MARC21/slim http://www.loc.gov/standards/marcxml/schema/MARC21slim.xsd"
    xmlns="http://www.loc.gov/MARC21/slim">

  <leader>01517nam a22003497a 4500</leader>
  <controlfield tag="005">20260428125807.0</controlfield>
  <controlfield tag="008">260428b2026    ag ||||| |||| 00| 0 spa d</controlfield>
  <datafield tag="020" ind1=" " ind2=" ">
    <subfield code="a">TI Parte Resolutiva - Audiencia in Voce fecha 17/4/26</subfield>
    <subfield code="b">IV</subfield>
  </datafield>
  <datafield tag="110" ind1=" " ind2=" ">
    <subfield code="a">Tribunal de Impugnaci&#xF3;n</subfield>
    <subfield code="9">1</subfield>
  </datafield>
  <datafield tag="245" ind1=" " ind2=" ">
    <subfield code="a">"LUIS, JUAN MANUEL - PONCE, FEDERICO AUGUSTO- BASILOTA, H&#xC9;CTOR EMILIO S/ENVENENAMIENTO, ADULTERACI&#xD3;N O CONTAMINACI&#xD3;N DEL SUELO, AGUA, ATM&#xD3;SFERA O AMBIENTE EN GENERAL, EN CONCURSO IDEAL CON ADMINISTRACI&#xD3;N FRAUDULENTA" /</subfield>
    <subfield code="c">Tribunal de Impugnaci&#xF3;n</subfield>
  </datafield>
  <datafield tag="300" ind1=" " ind2=" ">
    <subfield code="a">00:51:51</subfield>
  </datafield>
  <datafield tag="518" ind1=" " ind2=" ">
    <subfield code="a">17/4/26</subfield>
  </datafield>
  <datafield tag="653" ind1=" " ind2=" ">
    <subfield code="a">IMPUGNABILIDAD DE LA CONCESI&#xD3;N DE LA SUSPENSI&#xD3;N DE JUICIO A PRUEBA</subfield>
  </datafield>
  <datafield tag="653" ind1=" " ind2=" ">
    <subfield code="a">DICTAMEN FISCAL VINCULANTE</subfield>
  </datafield>
  <datafield tag="653" ind1=" " ind2=" ">
    <subfield code="a">CONTAMINACI&#xD3;N AMBIENTAL</subfield>
  </datafield>
  <datafield tag="653" ind1=" " ind2=" ">
    <subfield code="a">DERECHO A UN MEDIO AMBIENTE SANO</subfield>
  </datafield>
  <datafield tag="653" ind1=" " ind2=" ">
    <subfield code="a">ART. 41 CN</subfield>
  </datafield>
  <datafield tag="653" ind1=" " ind2=" ">
    <subfield code="a">LEY 27566 - ACUERDO DE ESCAZ&#xDA;</subfield>
  </datafield>
  <datafield tag="653" ind1=" " ind2=" ">
    <subfield code="a">TUTELA JUDICIAL AMBIENTAL</subfield>
  </datafield>
  <datafield tag="653" ind1=" " ind2=" ">
    <subfield code="a">INTER&#xC9;S P&#xDA;BLICO PREVALENTE</subfield>
  </datafield>
  <datafield tag="653" ind1=" " ind2=" ">
    <subfield code="a">INTER&#xC9;S DIFUSO Y TRANSGENERACIONAL</subfield>
  </datafield>
  <datafield tag="653" ind1=" " ind2=" ">
    <subfield code="a">REVOCACI&#xD3;N </subfield>
  </datafield>
  <datafield tag="653" ind1=" " ind2=" ">
    <subfield code="a">DENEGATORIA DE LA SUSPENSI&#xD3;N DE JUICIO A PRUEBA</subfield>
  </datafield>
  <datafield tag="653" ind1=" " ind2=" ">
    <subfield code="a">COMPETENCIA POSITIVA</subfield>
  </datafield>
  <datafield tag="653" ind1=" " ind2=" ">
    <subfield code="a">REENV&#xCD;O </subfield>
  </datafield>
  <datafield tag="700" ind1=" " ind2=" ">
    <subfield code="a">Juan Jose Nazareno Eulogio</subfield>
    <subfield code="9">42</subfield>
  </datafield>
  <datafield tag="700" ind1=" " ind2=" ">
    <subfield code="a">Martini, Florencia Mar&#xED;a</subfield>
    <subfield code="9">11</subfield>
  </datafield>
  <datafield tag="700" ind1=" " ind2=" ">
    <subfield code="a">Trincheri, Walter Richard</subfield>
    <subfield code="9">8</subfield>
    <subfield code="e">(EN DISIDENCIA)</subfield>
  </datafield>
  <datafield tag="774" ind1=" " ind2=" ">
    <subfield code="a">LEG. 178123/20</subfield>
  </datafield>
  <datafield tag="856" ind1=" " ind2=" ">
    <subfield code="u">https://drive.google.com/file/d/11XnC--5HyprYZzATDnHvb-HiYxyuDLcZ/view?usp=sharing</subfield>
    <subfield code="y">Parte Resolutiva - Audiencia in Voce fecha 17/4/26</subfield>
  </datafield>
  <datafield tag="942" ind1=" " ind2=" ">
    <subfield code="2">ddc</subfield>
    <subfield code="c">IV</subfield>
  </datafield>
  <datafield tag="999" ind1=" " ind2=" ">
    <subfield code="c">1277</subfield>
    <subfield code="d">1277</subfield>
  </datafield>
</record>
